000 00411nam a22001697a 4500
005 20160517154725.0
008 160517b xxu||||| |||| 00| 0 eng d
020 _a81-7224792-3
041 _aeng
082 _b2573
100 _aPaul A. Herbeg
_9708
245 _aStrategic Human Resource Leader
260 _aDelhi
_bJaico Publishing House
_c1999
300 _a331
650 _aManagement
_9241
942 _cBK
999 _c947
_d947